书目信息 |
| 题名: |
只有让过去过去,才能让未来到来
|
|
| 作者: | 血酬 著 | |
| 分册: | ||
| 出版信息: | 北京 北京联合出版社 2017 |
|
| 页数: | 282页 | |
| 开本: | 21cm | |
| 丛书名: | ||
| 单 册: | ||
| 中图分类: | B848.4-49 | |
| 科图分类: | ||
| 主题词: | 成功心理--通俗读物 | |
| 电子资源: | ||
| ISBN: | 978-7-5596-0409-5 | |
| 000 | 00909nam0 2200229 450 | |
| 001 | 1453 | |
| 005 | 20180522123047.59 | |
| 010 | @a978-7-5596-0409-5@dCNY32.00 | |
| 100 | @a20170905d2017 em y0chiy50 ea | |
| 101 | 0 | @achi |
| 102 | @aCN@b110000 | |
| 105 | @ay z 000yy | |
| 200 | 1 | @a只有让过去过去,才能让未来到来@9zhi you rang guo qu guo qu,cai neng rang wei lai dao lai@f血酬著 |
| 210 | @a北京@c北京联合出版社@d2017 | |
| 215 | @a282页@d21cm | |
| 314 | @a血酬,男,本名刘英,山东荣成人,毕业于武汉大学法学院。曾创建“17K小说网”“汤圆创作”等知名文学网站并担任总编辑。 | |
| 330 | @a本书共分五章,主要内容包括:只有美好,才配留在我们的记忆里、过好现在一刻,就是未来一生、谁的未来不是梦、幸福不在远方,只在你我心中、我行故我在,彪悍这一生。 | |
| 606 | 0 | @a成功心理@j通俗读物 |
| 690 | @aB848.4-49@v5 | |
| 701 | 0 | @a血酬@9xue chou@4著 |
| 801 | 0 | @aCN@b91MARC@c20170905 |
| 905 | @aMuseLib@dB821-49@e857 | |
| 只有让过去过去,才能让未来到来/血酬著.-北京:北京联合出版社,2017 |
| 282页;21cm |
| ISBN 978-7-5596-0409-5:CNY32.00 |
| 本书共分五章,主要内容包括:只有美好,才配留在我们的记忆里、过好现在一刻,就是未来一生、谁的未来不是梦、幸福不在远方,只在你我心中、我行故我在,彪悍这一生。 |
| ● |
| 相关链接 |
|
|
|
|
正题名:只有让过去过去,才能让未来到来
索取号:B821-49/857
 
预约/预借
| 序号 | 登录号 | 条形码 | 馆藏地/架位号 | 状态 | 备注 |
| 1 | 1066542 | 210665421 | 第一样本阅览室/ [索取号:B821-49/857] | 在馆 | |
| 2 | 1066543 | 210665430 | 第一借阅区/ [索取号:B821-49/857] | 在馆 | |
| 3 | 1066544 | 210665449 | 第一借阅区/ [索取号:B821-49/857] | 在馆 | |
| 4 | 1066545 | 210665458 | 第一借阅区/ [索取号:B821-49/857] | 在馆 | |
| 5 | 1066546 | 210665467 | 第一借阅区/ [索取号:B821-49/857] | 在馆 | |
| 6 | 1066547 | 210665476 | 密集书库-马院/ [索取号:B821-49/857] | 在馆 | |
| 7 | 1104618 | 211046189 | 第一借阅区/ [索取号:B821-49/857] | 在馆 | |
| 8 | 1104619 | 211046198 | 教育系资料室/ [索取号:B821-49/857] | 在馆 | |
| 9 | 1104620 | 211046205 | 教育系资料室/ [索取号:B821-49/857] | 在馆 | |
| 10 | 1104621 | 211046214 | 教育系资料室/ [索取号:B821-49/857] | 在馆 | |
| 11 | 1104622 | 211046223 | 第一借阅区/ [索取号:B821-49/857] | 在馆 | |
| 12 | 1104623 | 211046232 | 第一借阅区/ [索取号:B821-49/857] | 在馆 |